| 000 | 01831nam a22002537a 4500 | ||
|---|---|---|---|
| 003 | Uzh_bibl | ||
| 008 | 260409b |||||||| |||| 00| 0 ukr d | ||
| 020 |
_a966-7060-20-9 _c1.00 |
||
| 040 | _aукр. | ||
| 041 |
_2ukr _aukr |
||
| 080 | _a821(477) | ||
| 090 |
_a821(477) _bП 52 |
||
| 100 | _aПолтава, Леонід | ||
| 245 |
_aЕнеїда модерна, альбо дивні пригоди ченця Григорія Чудотворця який на Україні що-300 літ воскресає. _hТекст _cВідпов. за випуск В. Бойко; Худож. А. Сологуб |
||
| 260 |
_aКиїв _bУкраїнська Видавнича Спілка _c2002 |
||
| 300 | _a162 с. | ||
| 520 | _aТвір є модерною інтерпретацією традиційної “Енеїди”, у якій через образ ченця Григорія Чудотворця автор осмислює історію України. Герой, що періодично повертається до життя, стає свідком різних епох і подій, що дає змогу порівняти минуле й сучасність. Поема поєднує гумор, сатиру й глибокі роздуми про долю народу. | ||
| 521 | _aДля широкого кола читачів | ||
| 546 | _aукр. | ||
| 650 |
_aЛітературно-художнє видання _yВід давнини до сучасності авторові _zПодії відбуваються в Україні |
||
| 653 |
_aУкраїна _aІсторія _aСатира _aВоскресіння _aПригоди |
||
| 655 |
_aПоема-епопея, сатирично-філософська поема _vПоема-епопея |
||
| 942 |
_2udc _cBK |
||
| 999 |
_c17297 _d17297 |
||